000 00721nam a2200193Ia 4500
003 GCL
008 140319s9999 xx 000 0 ara d
040 _aGCL /
_cGCL
082 0 4 _a217.1
_bق ط
100 1 _aابن قيم الجوزية: شمس الدين ابو عبدالله محمد بن ابى بكر
245 1 0 _aطريق الهجرتين وباب السعادتين /
_cابن قيم الجوزية: شمس الدين ابو عبدالله محمد بن ابى بكر
260 _a[S.N] :
_bمكتبة المتنبى
300 _a461 ص
490 _a
650 0 4 _aالاسلام
650 0 4 _aالاداب الاسلامية
650 0 4 _aالاسلام والادب العربى
942 _2ddc
_cBK
999 _c53194
_d53194